Gminy powiatu częstochowskiego na mapie - Statystyki

Ogólne statystyki
  • Ten quiz został rozwiązany 200 razy
  • Średni wynik to 8 z 16
Odpowiedzi na mapie
Odpowiedzi zakodowano w zielono-czerwonej skali na mapie do tego quizu, zgodnie z poniższymi procentami.
 
Statystyki odpowiedzi
Odpowiedź % Poprawnych
Blachownia
71%
Olsztyn
68%
Koniecpol
63%
Konopiska
56%
Mstów
55%
Poczesna
54%
Dąbrowa Zielona
53%
Kłomnice
52%
Mykanów
50%
Rędziny
50%
Kamienica Polska
48%
Lelów
48%
Janów
44%
Starcza
44%
Przyrów
38%
Kruszyna
37%
Nie znaleziono quizów pasujących do podanych kryteriów
Rozkład punktacji
Procent ludzi z każdym wynikiem
Percentyl według liczby udzielonych odpowiedzi
Twoja historia wyników
Nie rozwiązałeś tego quizu